[Event "Las Palmas"]
[Site "Las Palmas"]
[Date "1996.12.12"]
[Round "4"]
[White "Topalov, Veselin"]
[Black "Ivanchuk, Vassily"]
[Result "0-1"]
[WhiteElo "2750"]
[BlackElo "2730"]
[Annotator "Kramnik,V"]
[PlyCount "82"]
[EventDate "1996.12.08"]
[EventType "tourn"]
[EventRounds "10"]
[EventCountry "ESP"]
[EventCategory "21"]
[SourceTitle "CBM 057"]
[Source "ChessBase"]
[SourceDate "1997.04.01"]
[SourceVersion "1"]
[SourceVersionDate "1997.04.01"]
[SourceQuality "1"]

{This was one of the most dramatic and complicated games of the tournament} 1.
e4 {Ftacnik Dolmatov} c6 2. d4 d5 3. Nd2 dxe4 4. Nxe4 Nd7 5. Ng5 Ngf6 6. Bd3 e6
7. N1f3 Bd6 8. Qe2 h6 9. Ne4 Nxe4 10. Qxe4 Nf6 11. Qe2 (11. Qh4 {Dolmatov} Ke7
$5 12. Ne5 Bxe5 13. dxe5 Qa5+ 14. c3 Qxe5+ 15. Be3 b6 16. O-O-O g5 17. Qa4 c5
18. Rhe1 {Kamsky,G-Karpov,A/Dortmund/1993/}) 11... Qc7 12. Bd2 b6 13. O-O-O (
13. Ne5 c5 14. Bb5+ Ke7 15. c3 Bb7 16. O-O Rhd8 17. f4 Ne4 18. Be3 Kf8 19. Rae1
Kg8 20. Qg4 {with attack, Kamsky,G-Anand,V/It, Dos Hermanas ESP 1996}) 13...
Bb7 14. Kb1 (14. Ne5 c5 15. Bb5+ Ke7 $1 16. dxc5 Qxc5 {Black equalized, Kamsky,
G-Karpov,A/w-ch (8) Elista RUS 1996}) (14. Rhe1 O-O (14... O-O-O {Dolmatov} 15.
Ba6 b5 16. Bxb7+ Kxb7 17. Kb1 Ka8 18. Bc1 Qb7 19. Nd2 Bb4 20. c3 Bd6 21. Nb3
Nd5 $10 {Chandler,M-Adams,M/Blackpool/1990/}) 15. g4 $5 c5 16. g5 hxg5 17. Nxg5
Bf4 18. h4 {with initiative, Kamsky,G-Karpov,A/w-ch (12) Elista RUS 1996})
14... Rd8 (14... O-O-O $5 {Dolmatov} 15. Ba6 (15. Ne5 $6 c5) (15. c4 c5 16. Bc3
Rhe8 17. Rhe1 Kb8 18. g3 Ka8 19. Bc2 a6 20. dxc5 Bxc5 21. Ne5 $14 {Sokolov,
A-Spraggett,K/St.John/1988/}) 15... b5 16. Bxb7+ Kxb7 17. Rc1) (14... Rc8 {
Ftacnik} 15. Rhg1 (15. c4 $5) 15... c5 16. dxc5 Qxc5 17. Bc3 O-O 18. Bd4 Qc7
19. g4 Nd5 (19... Bxf3 $2 20. Qxf3 Be5 21. g5 $1 hxg5 22. Rxg5 Bxd4 23. Rxg7+
$1 $18) 20. g5 h5 21. Ne5 (21. g6 $2 Nf4 22. gxf7+ Rxf7 $17) 21... Nf4 22. Qe3
Nxd3 23. cxd3 Bxe5 (23... Qc2+ 24. Ka1 Bd5 25. g6 $13) 24. Bxe5 Qc2+ 25. Ka1
Bd5 26. b3 {1/2-1/2 Wolff,P-Orlov,G/USA-ch Modesto (09)/1995/ (30)}) 15. Rhg1 (
15. Rhe1 {Ftacnik} O-O 16. Ne5 (16. g4 Bf4 17. Ne5 Rxd4 18. Bxf4 Rxf4 19. h4 $2
(19. Qd2 $5) 19... c5 20. Qd2 Rd4 21. c3 (21. g5 $2 Ne4) 21... Rd5 22. Qe2 $2 (
22. g5) 22... Rxe5 $1 23. Qxe5 Qxe5 24. Rxe5 Nxg4 25. Ree1 (25. Re2 Bf3) 25...
Nxf2 26. Rd2 Nxd3 27. Rxd3 Bd5 $19 {0-1 Adams,M-Speelman,J/New York PCA-qual 
(08)/1995/ (39)}) 16... c5 17. f4 cxd4 18. g4 Nd5 19. g5 hxg5 20. Qh5 f5 21.
Ng6 Nf6 22. Qxg5 Nh7 23. Qh5 Rf6 24. Rg1 Be4 25. Rg3 Rc8 26. Rc1 (26. Rdg1 $2
Bxd3 27. Rh3 Qxc2+ 28. Ka1 Nf8 $1 $17) 26... Qc6 {1/2-1/2 Kasparov,G-Epishin,V/
Moscow PCA-Intel GP 25'/1995/ (36)}) (15. c4 {Ftacnik} O-O 16. Bc3 (16. g4 Bf4
$1 17. Rhg1 c5 18. h4 $13) 16... Rfe8 (16... Qe7 17. g4 (17. Rhe1 Bb4 $1 18.
Qd2 $5) 17... c5 18. Rhg1 Bxf3 (18... cxd4 19. Nxd4 Bb4 20. g5 $1 hxg5 21. Rxg5
Bxc3 22. Rdg1 $1 g6 23. bxc3 $16) 19. Qxf3 cxd4 20. Bd2 Nd7 21. Qe4 (21. g5 Ne5
22. gxh6 Nxf3 23. Rxg7+ Kh8 24. Rh7+ $10) 21... f5 22. gxf5 Nc5 23. Qe2 exf5 {
Almasi,Z-Adams,M/Groningen (04)/1995/1-0 (57)}) 17. Ne5 (17. g4 c5 18. Rhg1
Bxf3 19. Qxf3 cxd4 20. Bd2 Nd7 21. Qe4 g6 $1) 17... c5 18. dxc5 Bxc5 19. f3 a5
20. Bc2 Ba6 21. Ba4 Rxd1+ 22. Rxd1 Rd8 23. Rxd8+ Qxd8 24. Bc2 {Almasi,Z-Karpov,
An/Groningen (08)/1995/0-1 (74)}) (15. Rhe1 {Ftacnik}) 15... c5 (15... Nd5 {
Ftacnik} 16. c4 Nf4 17. Bxf4 Bxf4 18. c5 $16 {Leko}) 16. dxc5 Qxc5 (16... Bxc5
$5 {Dolmatov} 17. Ne5 Bd4 18. Bb5+ Ke7 19. Bb4+ Bc5) 17. a3 {/\ 18.Bb4} O-O (
17... a5 {Ftacnik} 18. Be3 Qc7 19. Bb5+ Ke7 20. Nd4 Bxh2 (20... g6) 21. Nf5+
Kf8 22. Rxd8+ Qxd8 23. Rd1 Qc7 24. Bd4 e5 (24... exf5 25. Bxf6 gxf6 26. Rd7 Qe5
27. Rxb7 (27. Qc4 Qe1+ 28. Ka2 Qe6 29. Rxb7) 27... Qxe2 28. Bxe2 $16) 25. Bxb6
Qxb6 26. Rd6 Qc7 27. Qc4 {1-0 Timman,J-Leko,P/Groningen (01)/1996/ (34); CBM 57
}) 18. g4 {The methodical advance /\ 19.g5+-} Qd5 $2 (18... Bxf3 19. Qxf3 Qd5
$11) (18... Nd5 {Dolmatov} 19. g5 (19. Qe4 $2 Nc3+ 20. Bxc3 Bxe4 21. Bxe4 $17)
19... Nf4 20. Bxf4 Bxf4 21. g6 $14 Qh5 22. gxf7+ Rxf7 23. Bg6 $16) 19. g5 $1 (
19. Nh4 {Ftacnik} Bxh2 20. Rge1 Bd6 $15) 19... Qxf3 20. gxf6 g6 {It is
understandable why Ivanchuk didn't take on f6: White's attack looked very
strong, yet Black could hold} (20... Qxf6 $142 21. Bc3 e5 22. f4 Qxf4 (22...
Rfe8 23. Rdf1) 23. Rdf1 Qh4 (23... Qa4 24. Bxe5 (24. Rxg7+ Kxg7 25. Bxe5+ $18)
24... Bxe5 25. Qxe5 $18) 24. Rg4 (24. Bxe5 {Ftacnik} Bxe5 25. Qxe5 g6 (25... f6
26. Qe7 $18) (25... g5 26. Qf5 $18 (26. Rf4 $5 {/\ h4->})) 26. Bxg6 $18) (24.
Rxg7+ $5 Kxg7 25. Bxe5+ f6 26. Bxd6) 24... Qe7 (24... Qh3 25. Rg3 Qh4 26. Rfg1
g5 27. Rg4 Qh3 28. Rxg5+ {wins}) 25. Qe3 g5 (25... f5 26. Qxh6 Bd5 27. Bxf5 Rf6
28. Qh7+ Kf8 29. Qh8+ Bg8 30. Rfg1 {wins}) 26. Rf5 f6 27. h4 Bc8 28. hxg5 hxg5
29. Rfxg5+ fxg5 30. Rxg5+ Kf7 31. Qg3 Qf6 32. Rg6 Qf4 33. Qxf4+ exf4 34. Rg7+
Ke6 35. Bc4+ Kf5 36. Bd3+ $11) (20... Qxe2 $2 {Ftacnik} 21. Rxg7+ Kh8 22. Rh7+
Kg8 23. Rg1+ $18) 21. Bxh6 $6 {There was an interesting 'Tal's style' Rook
sacrifice 21. Rxg6+ which lead to wild complications. We spent a lot of time
analyzing this continuation and still cannot be sure that it is 100% sound;
the sacrifice can be a theme for a special analytical article. We invite the
interested readers to follow our steps!} ({Meanwhile} 21. Bxg6 {is not
dangerous in view of} fxg6 (21... Qxe2 22. Bd3+ Kh8 23. Bxe2 Bxh2 24. Rg4 {
is in White's favor}) 22. Rxg6+ Kf7 23. Rg7+ Kxf6 24. Bc3+ Kf5 $1 {and White's
attack vaporises} ({Of course not} 24... e5 $4 25. Rxd6+ Kxg7 26. Qxe5+ {wins})
) (21. Rxg6+ $5 fxg6 22. Qxe6+ {White sacrifice the Rook for dangerous attack.
There are three replies: 22... Kh7, 22... Rf7 and 22...Kh8} Kh8 (22... Kh7 $1 {
As we will see later, this is the best reply. Now 23.Bxg6+ is unclear} 23.
Bxg6+ ({White has a forced draw at this point:} 23. Rg1 Bc8 24. Rxg6 Bxe6 25.
Rg7+ {draw by perpetual check}) 23... Kh8 (23... Kxg6 $2 24. f7+ Qf6 25. Rg1+ {
winning}) 24. f7 $1 Bc8 $1 (24... Bd5 25. Bc3+ Qxc3 26. Rxd5 Qg7 27. Rxd6 Rxd6
28. Qxd6 Rc8 29. f4 Qf8 30. Qe5+ Qg7 31. Qe8+ Qf8 32. f5 Rd8 33. f6 h5 34. h4
Rc8 35. b4 Rd8 36. c4 {and White's pawns decide the matter}) (24... Qxd1+ 25.
Ka2 {and Black has no defense against double threat 26.Bc3+ and 26.Qf6+}) 25.
Qe1 Kg7 (25... Be7 26. Qxe7 Qxd1+ 27. Ka2 {wins}) 26. Be4 Qf6 $1 (26... Qh5 $2
27. Bc3+ Kxf7 (27... Be5 28. Bf3 Rxd1+ 29. Bxd1 {wins}) 28. Bd5+ Kg6 29. Qe4+
Bf5 (29... Kg5 30. Rg1+ Bg4 31. f3 {and Black has no defense}) 30. Rg1+ {
winning}) 27. Qg1+ Kxf7 (27... Kh8 28. Bc3 Be5 29. Rxd8 Rxd8 30. Bd5 $1 {
threatening 31.Qg8+} Be6 31. Bxe6 Qxe6 32. Qe1 Kg7 33. Bxe5+ Kxf7 34. f4 {
and White stays better}) 28. Bd5+ Be6 29. Bc3 Rg8 30. Bxf6 Rxg1 31. Rxg1 Kxf6
32. Bxe6 Kxe6 33. Rg6+ Kf5 34. Rxh6 Bc5 35. Rh7 Rd1+ 36. Ka2 Rd2 37. Rxa7 Rxc2
{White is fighting for a draw}) (22... Rf7 23. Rg1 g5 (23... Rdf8 24. Rxg6+ {
easy winning}) 24. Bc4 Qh5 (24... Rdf8 25. Qxd6 Qxf2 26. Rg3 {White is on top}
Qc5 27. Qf4 $1 Kh8 28. Qg4 Bd5 29. Bd3) 25. f4 Qg6 26. f5 Qh7 (26... Qh5 27. h4
g4 28. Rxg4+ Qxg4 29. Qxf7+ Kh8 30. Bg5 $1 {and mate follows}) 27. Re1 (27. h4
Bc8 28. hxg5 hxg5 (28... Bxe6 29. fxe6 hxg5 30. Rxg5+ Kh8 31. exf7 {winning})
29. Rxg5+ ({if} 29. Bxg5 Bxe6 30. fxe6 Rdf8 {and White has only draw after} 31.
Bh6+ Kh8 32. exf7 Rxf7 33. Bg7+ Rxg7 34. fxg7+ Qxg7 35. Rxg7 Kxg7) 29... Kh8 (
29... Kf8 30. Qd5 (30. Qxf7+ Qxf7 31. Bxf7 Kxf7 32. Bc3 Rg8 33. Rh5 Rg2 $10)
30... Rdd7 31. Rg6 Ke8 32. Bb5 $14) 30. Qxf7 {and the game is over}) 27... Bf8
28. Bb4 Bc8 29. Qe8 $1 {Unbelievable position of zugzwang! White is winning})
23. Rg1 Rc8 (23... Rxf6 24. Bc3) 24. Qxd6 Rxf6 (24... Qxf6 25. Rxg6 $1 Qxd6 26.
Rxd6 Rc6 27. Rd7 Bc8 28. Rxa7 {with advantage}) 25. Qe7 $1 Qxf2 26. Be3 Rf7 27.
Qe5+ Qf6 28. Qxf6+ Rxf6 29. Bd4 {winning}) 21... Bxh2 (21... Rfe8 $2 {Ftacnik}
22. h4 $16) 22. Rh1 (22. Bxf8 {Dolmatov} Bxg1 23. Be7 (23. Qxf3 {Ftacnik} Bxf3
24. Rxg1 Kxf8 25. Rg3 Bh5 $15) 23... Qxe2 24. Bxe2 Rxd1+ 25. Bxd1 Bxf2 $17) (
22. Bxg6 {Ftacnik} Rxd1+ 23. Qxd1 fxg6 $13) 22... Qxe2 23. Bxe2 Rxd1+ (23...
Bxh1 {Dolmatov} 24. Rxh1 Be5 25. Bg7 $18) 24. Rxd1 Rc8 25. f3 (25. Rd7 {Ftacnik
} Be4 $15) (25. Bg7 $5 {Ftacnik} Kh7 (25... g5 26. Rd7 Be4 (26... Bc6 27. Rxa7
Rd8 28. Bh5 (28. Bd3)) (26... Rc7 $2 27. Rd8+ Kh7 28. Bd3+) 27. Bd3 $1 (27. Bh5
Kh7 28. Rxf7 Rxc2 29. Rf8 Rxf2+ (29... Rc8+) 30. Kc1 Bf4+ 31. Kd1 Bf3+ 32. Bxf3
Rxf3) 27... Bxd3 28. Rxd3 {/\ Rh3} g4 (28... Rc4 29. Rd8+ Kh7 30. Rh8+ Kg6 31.
Rxh2) 29. Rd1 $18 {/\ Rh1}) (25... Be4 26. Ka2 $1 g5 (26... Bd5+ 27. c4 Rxc4
28. Bxc4 Bxc4+ 29. b3 Bd5 30. Rd3 $1 $18 {/\ Rh3}) 27. f3 Bh7 28. Rh1 Bg3 (
28... Bf4 29. Bd3) 29. Rh5 $1 $18 (29. Bd3 Bh4)) 26. f3 Rc5 27. c4 $18 {
/\ b4, Rd8; Rh1} (27. Rd7 Rc7)) (25. Ba6 $2 {Ftacnik} Bxa6 26. Rh1 Rc5 27. Rxh2
Rh5) 25... Bg3 26. Bg7 {threatening 27.Rh1} (26. Rh1 {Dolmatov} Rc5 27. Bg7 Rh5
28. Rd1 Rd5 29. Rh1 Rh5 $10) (26. Rd7 {Ftacnik} Rc7 27. Rd8+ Kh7 28. Bg7 Rc8
29. Rd1 Rc5 $8 (29... g5 30. Rd7 Rc7 31. Bd3+ Kg8 32. Rd8#) 30. c4 $1 {/\ b4,
Rd8; Rh1} a5 (30... Re5 31. Rd8) 31. b4 axb4 32. axb4 $18) 26... g5 27. Rd7 $6
{This natural move withdraws the Rook from the K-side. Correct was} (27. Bh6 $1
{and now} Bf4 $2 {fails. Correct is} (27... Kh7 28. Bxg5 Kg6 29. f4 Be4 30. Bd3
Bxd3 31. Rxd3 Bf2 32. Rd7 {White has some winning chances}) (27... Bh4 {
Dolmatov} 28. Rg1 Rc5 29. f4 Be4 30. Bd3 Bxd3 31. cxd3 Kh7 $15) 28. Rh1 Bg3 29.
Rh5 {and White is winning}) (27. Rh1 {Ftacnik} Bh4) 27... Bc6 28. Rxa7 Rd8 29.
a4 ({Perhaps better was} 29. Bh6 Bf4 30. Ra6 Be3 31. a4) (29. Ra6 {Ftacnik} Bc7
(29... Bf2 30. Ra7 Rd2 $5 (30... Bg3 $10) 31. Rc7 Rxe2 32. Rxc6 Kh7 $13) 30.
Bh6 Rd2 31. Bc4 Rg2 $15) (29. Ka2 $5 {Ftacnik} Rd2 $140 (29... Bd5+ 30. b3) 30.
Bd3 Bxf3 $2 31. Rd7 $18) 29... Be5 (29... Rd2 $2 {Dolmatov} 30. Bd3 Bd5 31. b3
(31. c4 {Ftacnik} Bxf3 (31... Rxd3 32. cxd5 exd5 $17) 32. Rd7 Rxd3 33. Rxd3 Be4
34. Kc2 g4 $17) 31... Be5 (31... Rd1+ 32. Kb2 Be5+ $19) 32. Kc1 Bf4 33. Kb2
Be5+ 34. Ka3) 30. a5 (30. Ra6 {Ftacnik} Rd2 31. Rxb6 (31. Bd3 Bd5) 31... Bd5
32. c4 Ba8 $13) 30... Rd2 $1 {Black's counterplay is quite sufficient;
moreover, White must give up his f-pawn, and Black g-pawn begins to run...} 31.
Bc4 (31. Bd3 {Dolmatov} Bd5 (31... bxa5 $6 32. Be4 $1 Bxe4 33. fxe4 g4 34. Rxa5
g3 (34... Bf4 35. Rh5) 35. Rxe5 g2 36. Rg5 Rd1+ 37. Ka2 g1=Q 38. Rxg1 Rxg1 39.
b4 $16) 32. c4 Bxf3 (32... Rxb2+ $1 {Ftacnik} 33. Kc1 Bc6 34. Be4 Bxe4 35. fxe4
g4 $17) (32... Rxd3 33. cxd5 Rxd5 34. a6 Ra5 35. b3 $13) 33. Bc2 (33. Rd7 Rxd3
34. Rxd3 Be4 35. Kc2 bxa5 36. Kd2 Bxd3 37. Kxd3 Bxb2 38. c5 Be5 $19) 33... bxa5
34. Rxa5 Re2 35. Rc5 (35. b4 $13) 35... Bb7) (31. axb6 {Ftacnik} Rxe2 32. b7
Re1+ 33. Ka2 Bd5+ $19 (33... Bd5+ 34. Ka3 Ra1+ 35. Kb4 Rxa7)) 31... b5 32. Bb3
(32. Ra6 {Ftacnik} Bxf3 33. Bxb5 Be4 34. Ba4 g4 $17) (32. Bd3 {Ftacnik} Bd5 $1)
32... Bxf3 33. Re7 (33. a6 {Ftacnik} g4 34. Bh6 Rd6) 33... Rd6 (33... g4 $2 {
Dolmatov} 34. Rxe6 fxe6 (34... Rd1+ {Ftacnik} 35. Ka2 fxe6 36. Bxe6+ Kh7 37.
Bf5+ Kg8 38. Be6+ $10) (34... Bxf6 35. Rxf6) 35. Bxe6+ Kh7 36. Bf5+ $10 (36.
Bf5+ Kg8 37. Be6+ $10)) 34. Re8+ Kh7 35. Bf8 (35. Rc8 {Ftacnik} Kg6 36. Rc5
Bxf6 37. Bxf6 Kxf6 38. Rxb5 g4 $17) 35... Rd1+ 36. Ka2 Bxf6 37. a6 (37. c4 {
Dolmatov} Rd2 38. cxb5 Bxb2 $17) 37... g4 {Suddenly, White realized that he
must stop the Black passed pawn. But how?!} 38. c4 (38. a7 {Ftacnik} g3 39. c4
(39. a8=Q Bxa8 40. Rxa8 g2 41. Bc5 Bd4) 39... Rc1 40. a8=Q Bxa8 41. Rxa8 g2 42.
Bc5 bxc4 43. Ba4 g1=Q 44. Bxg1 Rxg1 $19) 38... Rd2 39. cxb5 (39. a7 {Ftacnik}
bxc4 40. Bxc4 g3 41. a8=Q Bxa8 42. Rxa8 g2 43. Bc5 Bd4 $19) 39... g3 40. b6 (
40. Bc5 Bxb2 41. Rc8 Bd4+ (41... g2 42. Bg1 Bd4+ 43. Rc2 Bxg1 44. Rxd2 Bc5 45.
Rxg2 Bxg2 $19) 42. Ka3 g2 43. Bxd4 Rxd4 44. Rc1 Rh4 (44... Rd3 {Ftacnik} 45.
Kb4 Bd1 $19) 45. Rg1 Rh1 46. Rxg2 Bxg2 {and Black is winning}) 40... g2 41. Bc5
Bxb2 {and there is no defense against deadly discovered check! White resigns.
This was one of the most dramatic and complicated games of the tournament.} (
41... Bxb2 {Ftacnik} 42. Be3 Bd4+ 43. Bxd2 g1=Q 44. Ka3 Qa1+ $19) 0-1